| 000 | 01047pam a2200337 a 4500 | ||
|---|---|---|---|
| 001 | 2961008 | ||
| 003 | OSt | ||
| 005 | 20140310182830.0 | ||
| 008 | 910822s1992 nyua 001 0 eng | ||
| 010 | _a 91030357 | ||
| 020 | _a0812049209 | ||
| 040 |
_aDLC _cDLC _dDLC |
||
| 050 | 0 | 0 |
_aHG 4530 _b.B736 1992 |
| 082 | 0 | 0 |
_aM 332.6627 _bB65 1992 |
| 100 | 1 |
_aBoroson, Warren. _918757 |
|
| 245 | 1 | 0 |
_aKeys to investing in mutual funds / _cBoroson, Warren |
| 250 | _a2nd ed. | ||
| 260 |
_aHauppauge, N.Y. : _bBarron's Educational Series, Inc. _cc1992. |
||
| 300 |
_a158 p. : _bill. ; _c18 cm. |
||
| 440 | 0 |
_aBarron's business keys _918758 |
|
| 500 | _aIncludes index. | ||
| 521 | _aCollege Students | ||
| 526 | _c1210L-1700L | ||
| 541 | _j1 | ||
| 562 | _e1 | ||
| 650 | 0 |
_aMutual funds. _918759 |
|
| 650 | 0 |
_aFinance, Personal. _910102 |
|
| 906 |
_a7 _bcbc _corignew _d1 _eocip _f19 _gy-gencatlg |
||
| 942 |
_2lcc _cBK _kM |
||
| 999 |
_c16604 _d16604 |
||